Player of the Year - Manchester United - Statistics

General Stats
  • This quiz has been taken 60 times
  • The average score is 25 of 36
Answer Stats
Season Answer Nationality % Correct
2021-2022 Cristiano Ronaldo ๐Ÿ‡ต๐Ÿ‡น
100%
2007-2008 Cristiano Ronaldo ๐Ÿ‡ต๐Ÿ‡น
100%
2006-2007 Cristiano Ronaldo ๐Ÿ‡ต๐Ÿ‡น
100%
2003-2004 Cristiano Ronaldo ๐Ÿ‡ต๐Ÿ‡น
100%
2020-2021 Bruno Fernandes ๐Ÿ‡ต๐Ÿ‡น
94%
2019-2020 Bruno Fernandes ๐Ÿ‡ต๐Ÿ‡น
94%
2022-2023 Marcus Rashford ๐Ÿด๓ ง๓ ข๓ ฅ๓ ฎ๓ ง๓ ฟ
90%
2009-2010 Wayne Rooney ๐Ÿด๓ ง๓ ข๓ ฅ๓ ฎ๓ ง๓ ฟ
90%
2005-2006 Wayne Rooney ๐Ÿด๓ ง๓ ข๓ ฅ๓ ฎ๓ ง๓ ฟ
90%
2017-2018 David De Gea ๐Ÿ‡ช๐Ÿ‡ธ
88%
2015-2016 David De Gea ๐Ÿ‡ช๐Ÿ‡ธ
88%
2014-2015 David De Gea ๐Ÿ‡ช๐Ÿ‡ธ
88%
2013-2014 David De Gea ๐Ÿ‡ช๐Ÿ‡ธ
88%
2012-2013 Robin Van Persie ๐Ÿ‡ณ๐Ÿ‡ฑ
87%
1999-2000 Roy Keane ๐Ÿ‡ฎ๐Ÿ‡ช
79%
1998-1999 Roy Keane ๐Ÿ‡ฎ๐Ÿ‡ช
79%
2002-2003 Ruud van Nistelrooy ๐Ÿ‡ณ๐Ÿ‡ฑ
79%
2001-2002 Ruud van Nistelrooy ๐Ÿ‡ณ๐Ÿ‡ฑ
79%
2011-2012 Antonio Valencia ๐Ÿ‡ช๐Ÿ‡จ
75%
2008-2009 Nemanja Vidic ๐Ÿ‡ท๐Ÿ‡ธ
75%
1997-1998 Ryan Giggs ๐Ÿด๓ ง๓ ข๓ ท๓ ฌ๓ ณ๓ ฟ
73%
1995-1996 Eric Cantona ๐Ÿ‡ซ๐Ÿ‡ท
69%
1993-1994 Eric Cantona ๐Ÿ‡ซ๐Ÿ‡ท
69%
1996-1997 David Beckham ๐Ÿด๓ ง๓ ข๓ ฅ๓ ฎ๓ ง๓ ฟ
65%
2016-2017 Ander Herrera ๐Ÿ‡ช๐Ÿ‡ธ
58%
2018-2019 Luke Shaw ๐Ÿด๓ ง๓ ข๓ ฅ๓ ฎ๓ ง๓ ฟ
52%
1990-1991 Mark Hughes ๐Ÿด๓ ง๓ ข๓ ท๓ ฌ๓ ณ๓ ฟ
42%
2000-2001 Teddy Sheringham ๐Ÿด๓ ง๓ ข๓ ฅ๓ ฎ๓ ง๓ ฟ
42%
1994-1995 Andrei Kanchelskis ๐Ÿ‡ท๐Ÿ‡บ
38%
1988-1989 Bryan Robson ๐Ÿด๓ ง๓ ข๓ ฅ๓ ฎ๓ ง๓ ฟ
38%
2004-2005 Gabriel Heinze ๐Ÿ‡ฆ๐Ÿ‡ท
38%
1991-1992 Brian McClair ๐Ÿด๓ ง๓ ข๓ ณ๓ ฃ๓ ด๓ ฟ
35%
1989-1990 Gary Pallister ๐Ÿด๓ ง๓ ข๓ ฅ๓ ฎ๓ ง๓ ฟ
35%
1992-1993 Paul Ince ๐Ÿด๓ ง๓ ข๓ ฅ๓ ฎ๓ ง๓ ฟ
27%
2010-2011 Javier Hernadez ๐Ÿ‡ฒ๐Ÿ‡ฝ
2%
1987-1988 Brian McClair ๐Ÿด๓ ง๓ ข๓ ณ๓ ฃ๓ ด๓ ฟ
0%
No matching quizzes found
Score Distribution
Percent of People with Each Score
Percentile by Number Answered
Your Score History
You have not taken this quiz